书目信息 |
| 题名: |
土壤肥料学
|
|
| 作者: | 陆欣 , 谢英荷 主编 | |
| 分册: | ||
| 出版信息: | 北京 中国农业大学出版社 2011.06 |
|
| 页数: | 351页 | |
| 开本: | 26cm | |
| 丛书名: | ||
| 单 册: | ||
| 中图分类: | S158 | |
| 科图分类: | ||
| 主题词: | 土壤肥力--tu rang fei li--高等教育--教材 | |
| 电子资源: | ||
| ISBN: | 978-7-5655-0298-9 | |
| 000 | 00839nam0 2200265 450 | |
| 001 | 0106081841 | |
| 005 | 20201109085407.76 | |
| 010 | @a978-7-5655-0298-9@dCNY58.00 | |
| 100 | @a20120317e20192011em y0chiy50 ea | |
| 101 | 0 | @achi |
| 102 | @aCN@b110000 | |
| 105 | @ay z 000yy | |
| 106 | @ar | |
| 200 | 1 | @a土壤肥料学@Atu rang fei liao xue@f陆欣, 谢英荷主编 |
| 205 | @a2版 | |
| 210 | @a北京@c中国农业大学出版社@d2011.06@h2019.12 | |
| 215 | @a351页@d26cm | |
| 300 | @a普通高等教育“十一五”国家级规划教材面向21世纪课程教材 | |
| 330 | @a本书内容主要包括3大部分:土壤基础理论、肥料基础理论和实验指导及附录。 | |
| 606 | 0 | @a土壤肥力@Atu rang fei li@x高等教育@j教材 |
| 690 | @aS158@v5 | |
| 701 | 0 | @a陆欣@Alu xin@4主编 |
| 701 | 0 | @a谢英荷@Axie ying he@4主编 |
| 801 | 0 | @aCN@bBJSZM@c20201106 |
| 905 | @b1193028-31@dS158@e124=2@f4 | |
| 土壤肥料学/陆欣, 谢英荷主编.-2版.-北京:中国农业大学出版社,2011.06(2019.12) |
| 351页;26cm |
| 普通高等教育“十一五”国家级规划教材面向21世纪课程教材 |
| ISBN 978-7-5655-0298-9:CNY58.00 |
| 本书内容主要包括3大部分:土壤基础理论、肥料基础理论和实验指导及附录。 |
| ● |
| 相关链接 |
|
|
|
|
正题名:土壤肥料学
索取号:S158/124=2
 
预约/预借
| 序号 | 登录号 | 条形码 | 馆藏地/架位号 | 状态 | 备注 |
| 1 | 1193028 | 211930286 | 第二样本阅览室/ [索取号:S158/124=2] | 在馆 | |
| 2 | 1193029 | 211930295 | 第三借阅区/ [索取号:S158/124=2] | 在馆 | |
| 3 | 1193030 | 211930302 | 第三借阅区/ [索取号:S158/124=2] | 在馆 | |
| 4 | 1193031 | 211930311 | 第三借阅区/ [索取号:S158/124=2] | 在馆 |